| 000 | 01050cam a2200301 a 4500 | ||
|---|---|---|---|
| 001 | 2580308 | ||
| 003 | NUST - PNEC | ||
| 005 | 20170116181044.0 | ||
| 008 | 960621s1996 paua b 001 0 eng | ||
| 010 | _a 96031311 | ||
| 020 | _a1880410389 (pbk. : alk. paper) | ||
| 040 | _cLIBRARY | ||
| 050 | 0 | 0 |
_aHD47.3 _b.F59 1996 |
| 082 | 0 | 0 | _a658.154 FLE |
| 100 | 1 | _aFleming, Quentin W. | |
| 245 | 1 | 0 |
_aEarned value project management / _cQuentin W. Fleming and Joel M. Koppelman. |
| 260 |
_aUpper Darby, Pa., USA : _bProject Management Institute, _cc1996. |
||
| 300 |
_a141 p. : _bill. ; _c26 cm. |
||
| 504 | _aIncludes bibliographical references (p. 121-123) and index. | ||
| 650 | 0 |
_aCost control. _xME |
|
| 650 | 0 | _aProgram budgeting. | |
| 650 | 0 | _aProduction control. | |
| 650 | 0 | _aProject management. | |
| 700 | 1 | _aKoppelman, Joel M. | |
| 906 |
_a7 _bcbc _corignew _d1 _eocip _f19 _gy-gencatlg |
||
| 942 |
_2ddc _cBK |
||
| 999 |
_c68166 _d68166 |
||